[Event "St Petersburg Korchnoi Memorial op"]
[Site "St Petersburg"]
[Date "2018.08.20"]
[Round "6"]
[White "Ovchinnikov, Vsevolod"]
[Black "Lugovoy, Dmitry"]
[Result "1-0"]
[WhiteElo "2343"]
[BlackElo "2077"]
[PlyCount "73"]
[EventDate "2018.08.15"]
[EventType "swiss"]
[EventRounds "9"]
[EventCountry "RUS"]
[SourceTitle "CBM 186 Extra"]
[Source "ChessBase"]
[SourceDate "2018.08.24"]
[SourceVersion "1"]
[SourceVersionDate "2018.08.24"]
[SourceQuality "1"]

1. d4 f5 2. g3 Nf6 3. Bg2 d6 4. Nf3 g6 5. 0-0 Bg7 6. b3 0-0 7. Bb2 c6 8. c4 a5 9. a3 Qe8 10. Nbd2 Nbd7 11. Qc2 e5 12. dxe5 dxe5 13. e4 f4 14. c5 Qe7 15. b4 fxg3 16. hxg3 Ng4 17. Nc4 h5 18. Rad1 axb4 19. axb4 Nb8 20. Nh4 Kh7 21. f3 Nh6 22. Rd6 Bf6 23. Nxe5 Bxe5 24. Bxe5 Qxe5 25. Nxg6 Qg7 26. Nxf8+ Qxf8 27. Rfd1 Na6 28. Qd2 Nf7 29. Rf6 Qe7 30. Qf4 Kg7 31. Rdd6 Nxd6 32. Qg5+ Kh8 33. Rh6+ Qh7 34. Rxh7+ Kxh7 35. Qxh5+ Kg7 36. Qg5+ Kh7 37. cxd6 1-0

[Event "St Petersburg Korchnoi Memorial op"]
[Site "St Petersburg"]
[Date "2018.08.16"]
[Round "2"]
[White "Lugovoy, Dmitry"]
[Black "Esipovich, Stanislav"]
[Result "1-0"]
[WhiteElo "2077"]
[BlackElo "1782"]
[PlyCount "47"]
[EventDate "2018.08.15"]
[EventType "swiss"]
[EventRounds "9"]
[EventCountry "RUS"]
[SourceTitle "CBM 186 Extra"]
[Source "ChessBase"]
[SourceDate "2018.08.24"]
[SourceVersion "1"]
[SourceVersionDate "2018.08.24"]
[SourceQuality "1"]

1. d4 Nf6 2. Bg5 Ne4 3. Bh4 g5 4. f3 gxh4 5. fxe4 Bg7 6. e3 d6 7. Bc4 Nc6 8. Qh5 e6 9. Nf3 Bf6 10. Nc3 Bd7 11. 0-0 Qe7 12. d5 Ne5 13. dxe6 Bxe6 14. Bxe6 Qxe6 15. Nd5 0-0-0 16. Nd4 Qg4 17. Nxf6 Qg7 18. Qxh4 Kb8 19. Nf5 Qg6 20. Qh6 Nc4 21. b3 Qxh6 22. Nxh6 Nxe3 23. Rf2 Rhf8 24. Re1 1-0

[Event "Pardubice Czech op-B 29th"]
[Site "Pardubice"]
[Date "2018.07.28"]
[Round "9"]
[White "Lugovoy, Dmitry"]
[Black "Brenninger, Daniel"]
[Result "1/2-1/2"]
[WhiteElo "2118"]
[BlackElo "1975"]
[PlyCount "46"]
[EventDate "2018.07.20"]
[EventType "swiss"]
[EventRounds "9"]
[EventCountry "CZE"]
[SourceTitle "CBM 186 Extra"]
[Source "ChessBase"]
[SourceDate "2018.08.24"]
[SourceVersion "1"]
[SourceVersionDate "2018.08.24"]
[SourceQuality "1"]

1. d4 d5 2. Bg5 h6 3. Bh4 c5 4. dxc5 g5 5. Bg3 Bg7 6. c3 Na6 7. e4 dxe4 8. Qxd8+ Kxd8 9. Bxa6 bxa6 10. f3 e3 11. h4 e5 12. hxg5 hxg5 13. Rxh8 Bxh8 14. Nh3 Bxh3 15. gxh3 f5 16. Ke2 f4 17. Be1 Rc8 18. b4 Rc6 19. h4 gxh4 20. Bxh4+ Kc7 21. Na3 Rh6 22. Be1 Nf6 23. Nc4 e4 1/2-1/2

[Event "Pardubice Czech op-B 29th"]
[Site "Pardubice"]
[Date "2018.07.26"]
[Round "7"]
[White "Lugovoy, Dmitry"]
[Black "Anatskiy, Alexey"]
[Result "1/2-1/2"]
[WhiteElo "2118"]
[BlackElo "1993"]
[PlyCount "166"]
[EventDate "2018.07.20"]
[EventType "swiss"]
[EventRounds "9"]
[EventCountry "CZE"]
[SourceTitle "CBM 186 Extra"]
[Source "ChessBase"]
[SourceDate "2018.08.24"]
[SourceVersion "1"]
[SourceVersionDate "2018.08.24"]
[SourceQuality "1"]

1. d4 d5 2. Bg5 Nd7 3. Nf3 Ngf6 4. Nbd2 c6 5. e3 g6 6. Bd3 Bg7 7. Qe2 Qc7 8. Bf4 Qb6 9. Rb1 Nh5 10. Bg5 h6 11. Bh4 Qc7 12. g4 Nhf6 13. Bg3 Qb6 14. h3 0-0 15. c3 Re8 16. Ne5 Nxe5 17. dxe5 Ne4 18. Nxe4 dxe4 19. Bxe4 Be6 20. b4 a5 21. b5 Qc5 22. 0-0 Bc4 23. Bd3 Bxd3 24. Qxd3 Bxe5 25. Bxe5 Qxe5 26. Qd4 Qg5 27. bxc6 bxc6 28. Rfd1 h5 29. Kg2 e5 30. Qc4 hxg4 31. Qxg4 Qf6 32. Rd7 Rab8 33. Rbd1 Rb2 34. R1d2 Rb5 35. R7d6 Qe7 36. Rxc6 e4 37. Rd7 Qg5 38. Rcc7 Rf5 39. Qxg5 Rxg5+ 40. Kf1 Rf5 41. Re7 Rb8 42. Rb7 Rc8 43. Rbc7 Rb8 44. Rb7 Rc8 45. Rxe4 Rxc3 46. Rb2 Ra3 47. Kg2 Kg7 48. Kg3 Rg5+ 49. Rg4 Rf5 50. Rf4 Rxf4 51. Kxf4 Kf6 52. Rb6+ Kg7 53. Rb2 Kf6 54. Rc2 Ra4+ 55. Kg3 Ra3 56. Rb2 Kf5 57. Kf3 Kg5 58. Kg3 f5 59. Rd2 Ra4 60. Re2 Ra3 61. f3 Kf6 62. h4 Ra4 63. e4 fxe4 64. fxe4 Ke5 65. Kg4 Ra3 66. Kg5 Rg3+ 67. Kh6 a4 68. Rb2 Rg4 69. Rb5+ Ke6 70. Rb4 Ke5 71. Rxa4 Rxh4+ 72. Kxg6 Rxe4 73. Ra5+ Kd6 74. Kf5 Re1 75. Rb5 Kc6 76. Rb2 Kc7 77. a4 Kc6 78. Ra2 Kb6 79. a5+ Ka6 80. Ra3 Rb1 81. Ke5 Rb5+ 82. Kd6 Rxa5 83. Rxa5+ Kxa5 1/2-1/2

[Event "Pardubice Czech op-B 29th"]
[Site "Pardubice"]
[Date "2018.07.20"]
[Round "1"]
[White "Lugovoy, Dmitry"]
[Black "Zhukenov, Aituar"]
[Result "1/2-1/2"]
[WhiteElo "2118"]
[BlackElo "1886"]
[PlyCount "79"]
[EventDate "2018.07.20"]
[EventType "swiss"]
[EventRounds "9"]
[EventCountry "CZE"]
[SourceTitle "CBM 186 Extra"]
[Source "ChessBase"]
[SourceDate "2018.08.24"]
[SourceVersion "1"]
[SourceVersionDate "2018.08.24"]
[SourceQuality "1"]

1. d4 e6 2. Nf3 Nf6 3. Bg5 c5 4. Nc3 cxd4 5. Qxd4 Nc6 6. Qh4 Be7 7. e4 d6 8. 0-0-0 Qc7 9. Bc4 a6 10. Rhe1 0-0 11. e5 dxe5 12. Bd3 e4 13. Nxe4 Nxe4 14. Qxe4 f5 15. Qh4 Bd6 16. Bc4 Re8 17. Nd4 Nxd4 18. Qxd4 Bc5 19. Qe5 Qxe5 20. Rxe5 Bxf2 21. Rxf5 b5 22. Bb3 Ba7 23. Bf4 Bb7 24. Rg5 h6 25. Rg4 Bd5 26. Bxd5 exd5 27. Rxd5 Re4 28. g3 Rf8 29. Rg6 Bd4 30. Rgd6 Bf6 31. h4 Bxh4 32. Rxa6 Re2 33. Kd1 Rg2 34. Rxb5 Rd8+ 35. Rd6 Rf8 36. Rb7 Bxg3 37. Bxg3 Rxg3 38. a4 Rg2 39. Re7 h5 40. Rd4 1/2-1/2

[Event "Minsk Amateur op"]
[Site "Minsk"]
[Date "2018.07.01"]
[Round "9"]
[White "Ilyuchyk, Yana"]
[Black "Lugovoy, Dmitry"]
[Result "0-1"]
[WhiteElo "2083"]
[BlackElo "2138"]
[PlyCount "62"]
[EventDate "2018.06.25"]
[EventType "swiss"]
[EventRounds "9"]
[EventCountry "BLR"]
[SourceTitle "CBM 185 Extra"]
[Source "ChessBase"]
[SourceDate "2018.07.29"]
[SourceVersion "1"]
[SourceVersionDate "2018.07.29"]
[SourceQuality "1"]

1. e4 c5 2. Nf3 d6 3. d4 cxd4 4. Nxd4 a6 5. Nc3 Nf6 6. g3 e5 7. Nde2 Be7 8. Bg2 Be6 9. 0-0 b5 10. Nf4 b4 11. Nxe6 fxe6 12. Na4 Qa5 13. b3 Nc6 14. Be3 d5 15. exd5 exd5 16. Bb6 Qb5 17. Re1 Nb8 18. Rxe5 Nbd7 19. Re6 Nxb6 20. Nxb6 Rd8 21. Qe1 0-0 22. Rxe7 Qxb6 23. Qe5 Qc5 24. Rc7 Qxf2+ 25. Kxf2 Ng4+ 26. Kg1 Nxe5 27. Rd1 d4 28. Rc5 Ng4 29. Bd5+ Kh8 30. Re1 Rf5 31. Re7 Ne3 0-1

[Event "Minsk Amateur op"]
[Site "Minsk"]
[Date "2018.06.30"]
[Round "8"]
[White "Lugovoy, Dmitry"]
[Black "Spizharny, Mikhail"]
[Result "0-1"]
[WhiteElo "2138"]
[BlackElo "2015"]
[PlyCount "102"]
[EventDate "2018.06.25"]
[EventType "swiss"]
[EventRounds "9"]
[EventCountry "BLR"]
[SourceTitle "CBM 185 Extra"]
[Source "ChessBase"]
[SourceDate "2018.07.29"]
[SourceVersion "1"]
[SourceVersionDate "2018.07.29"]
[SourceQuality "1"]

1. d4 Nf6 2. Bg5 d5 3. Nd2 g6 4. Ngf3 Bg7 5. e3 b6 6. Ne5 Bb7 7. Bb5+ c6 8. Bd3 0-0 9. 0-0 c5 10. c3 Nc6 11. f4 Nd7 12. Ng4 f6 13. Bh4 e6 14. Qe2 Qc7 15. Bg3 f5 16. Ne5 a5 17. a4 c4 18. Bc2 Ncxe5 19. fxe5 Bc6 20. Bh4 Rf7 21. Nf3 h6 22. g4 fxg4 23. Nd2 Rxf1+ 24. Rxf1 g5 25. Qxg4 Nf8 26. Bg3 b5 27. axb5 Bxb5 28. h4 Qe7 29. Nf3 Be8 30. hxg5 h5 31. Qh3 Rb8 32. Rf2 a4 33. Qf1 a3 34. bxa3 Qxa3 35. Qe1 Bg6 36. Nh4 Bxc2 37. Rxc2 Rb3 38. g6 Qa4 39. Qf2 Qe8 40. Qf3 Rb1+ 41. Kh2 Qa4 42. Qf7+ Kh8 43. Qf2 Qa1 44. Kg2 Rc1 45. Rxc1 Qxc1 46. Qe1 Qc2+ 47. Kh3 Nxg6 48. Nxg6+ Qxg6 49. Qe2 Bh6 50. Bf4 Bxf4 51. exf4 Qd3+ 0-1

[Event "Minsk Amateur op"]
[Site "Minsk"]
[Date "2018.06.28"]
[Round "5"]
[White "Lugovoy, Dmitry"]
[Black "Huryn, Valiantsin"]
[Result "1-0"]
[WhiteElo "2138"]
[BlackElo "1953"]
[PlyCount "95"]
[EventDate "2018.06.25"]
[EventType "swiss"]
[EventRounds "9"]
[EventCountry "BLR"]
[SourceTitle "CBM 185 Extra"]
[Source "ChessBase"]
[SourceDate "2018.07.29"]
[SourceVersion "1"]
[SourceVersionDate "2018.07.29"]
[SourceQuality "1"]

1. d4 d5 2. Bg5 Nf6 3. Nd2 g6 4. Bxf6 exf6 5. e3 Bg7 6. g3 0-0 7. Bg2 c6 8. Ne2 Bg4 9. h3 Bxe2 10. Qxe2 f5 11. 0-0 Nd7 12. c4 Nf6 13. cxd5 Nxd5 14. Rfc1 h5 15. h4 Re8 16. Qc4 Nf6 17. b4 Ng4 18. Nf3 Bh6 19. Rc3 a6 20. a4 Qd6 21. Qc5 Qd7 22. Rd1 Rad8 23. Rcd3 Bf8 24. Qc4 Rc8 25. Ne5 Nxe5 26. dxe5 Qe6 27. Qxe6 Rxe6 28. Rd7 Rxe5 29. Rxb7 Re7 30. Rb6 Ra7 31. Rc1 c5 32. b5 axb5 33. axb5 Kg7 34. Ra6 Rd7 35. b6 Rb8 36. b7 Rdxb7 37. Bxb7 Rxb7 38. Rc6 Ra7 39. Rc2 Be7 40. Kg2 Ra4 41. Rc7 Bd6 42. Rd7 Bf8 43. Rb2 Rb4 44. Ra2 c4 45. Raa7 c3 46. Rxf7+ Kg8 47. Rfc7 Rb3 48. Ra8 1-0

[Event "Minsk Amateur op"]
[Site "Minsk"]
[Date "2018.06.26"]
[Round "3"]
[White "Lugovoy, Dmitry"]
[Black "Lashkevich, Andrei"]
[Result "1-0"]
[WhiteElo "2138"]
[BlackElo "1364"]
[PlyCount "65"]
[EventDate "2018.06.25"]
[EventType "swiss"]
[EventRounds "9"]
[EventCountry "BLR"]
[SourceTitle "CBM 185 Extra"]
[Source "ChessBase"]
[SourceDate "2018.07.29"]
[SourceVersion "1"]
[SourceVersionDate "2018.07.29"]
[SourceQuality "1"]

1. d4 Nf6 2. Bg5 d6 3. Bxf6 gxf6 4. g3 Bf5 5. Bg2 c6 6. e4 Bg6 7. Nc3 Qb6 8. Nge2 h5 9. h4 Nd7 10. Rb1 e5 11. 0-0 f5 12. dxe5 Nxe5 13. Qd4 Qxd4 14. Nxd4 fxe4 15. Nxe4 0-0-0 16. Rbe1 Kc7 17. Ng5 Rd7 18. f4 Ng4 19. f5 Bg7 20. Nde6+ fxe6 21. Nxe6+ Kb6 22. fxg6 Ne5 23. Nf4 Re7 24. Rd1 Kc7 25. c3 a6 26. Bf3 Nxf3+ 27. Rxf3 Re5 28. Nxh5 Bh6 29. Rf7+ Kb6 30. Nf6 Re6 31. g7 Bxg7 32. Nd7+ Kc7 33. Nc5+ 1-0

[Event "Gelendzhik op"]
[Site "Gelendzhik"]
[Date "2015.01.12"]
[Round "9"]
[White "Lugovoy, Dmitry"]
[Black "Makoveev, Ilya"]
[Result "1-0"]
[WhiteElo "2075"]
[BlackElo "1831"]
[PlyCount "71"]
[EventDate "2015.01.04"]
[EventType "swiss"]
[EventRounds "9"]
[EventCountry "RUS"]
[SourceTitle "CBM 164 Extra"]
[Source "ChessBase"]
[SourceDate "2015.03.02"]
[SourceVersion "1"]
[SourceVersionDate "2015.03.02"]
[SourceQuality "1"]

1. d4 Nf6 2. Bg5 c5 3. Bxf6 gxf6 4. d5 Qb6 5. Qc1 Bg7 6. g3 d6 7. Bg2 f5 8. c3 Nd7 9. Nh3 Nf6 10. Nd2 Bd7 11. 0-0 0-0-0 12. a4 h5 13. Ng5 Rdf8 14. h4 Ng4 15. Qc2 Bh6 16. Nh3 e5 17. a5 Qc7 18. e3 Rhg8 19. Qd3 f4 20. exf4 exf4 21. gxf4 Rg7 22. Kh1 Rfg8 23. Rg1 Bxf4 24. Nf3 Qd8 25. Qc4 Bh6 26. b4 Kb8 27. bxc5 dxc5 28. Qxc5 Qf6 29. Rab1 Bc8 30. d6 Qd8 31. Nd4 Ka8 32. Nc6 Nxf2+ 33. Qxf2 bxc6 34. Bxc6+ Bb7 35. Bxb7+ Kb8 36. Ba6+ 1-0

[Event "Varna op-B 8th"]
[Site "Varna"]
[Date "2014.06.21"]
[Round "3"]
[White "Lugovoy, Dmitry"]
[Black "Musayev, Eldar"]
[Result "0-1"]
[WhiteElo "2081"]
[BlackElo "2169"]
[PlyCount "72"]
[EventDate "2014.06.19"]
[EventType "swiss"]
[EventRounds "9"]
[EventCountry "BUL"]
[SourceTitle "CBM 161 Extra"]
[Source "ChessBase"]
[SourceDate "2014.08.29"]
[SourceVersion "1"]
[SourceVersionDate "2014.08.29"]
[SourceQuality "1"]

1. d4 Nf6 2. Nf3 e6 3. c4 d5 4. g3 dxc4 5. Bg2 Nc6 6. 0-0 Rb8 7. a4 Bb4 8. Na3 c3 9. Qc2 cxb2 10. Bxb2 Qe7 11. Ne5 Nd8 12. Nd3 a5 13. e4 b6 14. d5 Ba6 15. Nb5 Bxb5 16. axb5 0-0 17. Nxb4 axb4 18. Bxf6 gxf6 19. Rfc1 Nb7 20. Qxc7 Qxc7 21. Rxc7 Nc5 22. dxe6 Nxe6 23. Re7 Rfd8 24. Bh3 Nc5 25. Raa7 Rf8 26. e5 fxe5 27. Rxe5 b3 28. Rg5+ Kh8 29. Bf5 Ra8 30. Rxa8 Rxa8 31. Rg4 Ra4 32. Kf1 b2 33. Rxa4 Nxa4 34. Ke2 Nc3+ 35. Ke3 Nxb5 36. Kd2 Na3 0-1

[Event "Nizhnij Novgorod Hope Cup"]
[Site "Nizhnij Novgorod"]
[Date "2010.08.10"]
[Round "1"]
[White "Gorozhanin, Mikhail"]
[Black "Lugovoy, Dmitry"]
[Result "1-0"]
[WhiteElo "1940"]
[BlackElo "2082"]
[PlyCount "77"]
[EventDate "2010.08.10"]
[EventType "swiss"]
[EventRounds "7"]
[EventCountry "RUS"]
[SourceTitle "CBM 138 Extra"]
[Source "ChessBase"]
[SourceDate "2010.10.29"]
[SourceVersion "1"]
[SourceVersionDate "2010.10.29"]
[SourceQuality "1"]

1. d4 d5 2. c4 dxc4 3. e3 Nf6 4. Bxc4 e6 5. Nf3 c5 6. 0-0 a6 7. Nc3 Nc6 8. Ne5 cxd4 9. Nxc6 bxc6 10. exd4 Be7 11. Qf3 Bb7 12. Rd1 Qc8 13. Qg3 0-0 14. Bh6 Ne8 15. Rac1 Kh8 16. Bf4 Nf6 17. Be5 Rg8 18. Bd3 Nd7 19. Qh3 f5 20. Bg3 g5 21. d5 cxd5 22. Nxd5 Bxd5 23. Rxc8 Raxc8 24. Qh5 Rg7 25. h3 f4 26. Bh2 Nf6 27. Qe2 a5 28. b3 g4 29. Bxf4 gxh3 30. g3 Ng4 31. f3 Bc5+ 32. Kh1 Bd4 33. Rf1 Rf8 34. Be4 Bxe4 35. Qxe4 Nf2+ 36. Rxf2 Bxf2 37. Be5 Kg8 38. Bxg7 Kxg7 39. Qxe6 1-0

[Event "Uljanovsk op"]
[Site "Uljanovsk"]
[Date "2008.02.02"]
[Round "2"]
[White "Belousov, Aleksandr"]
[Black "Lugovoy, Dmitry"]
[Result "1-0"]
[WhiteElo "2226"]
[BlackElo "2033"]
[PlyCount "57"]
[EventDate "2008.02.01"]
[EventType "swiss"]
[EventRounds "9"]
[EventCountry "RUS"]
[SourceTitle "EXT 2009"]
[Source "ChessBase"]
[SourceDate "2008.11.26"]
[SourceVersion "1"]
[SourceVersionDate "2008.11.26"]
[SourceQuality "1"]

1. Nf3 b6 2. e4 e6 3. d4 Bb7 4. Bd3 Nf6 5. Nbd2 d5 6. e5 Ne4 7. Qe2 Nxd2 8. Bxd2 c5 9. c3 Be7 10. 0-0 Nc6 11. Rac1 0-0 12. h4 Bc8 13. Ng5 h6 14. Qh5 Qe8 15. g4 Bd7 16. Nh7 f5 17. exf6 Qxh5 18. gxh5 Bxf6 19. Nxf8 Rxf8 20. dxc5 bxc5 21. f4 Rb8 22. Rb1 e5 23. fxe5 Nxe5 24. Bf4 Rd8 25. Bxe5 Bxe5 26. Bf5 Bxf5 27. Rxf5 Bf6 28. Rd1 d4 29. Rxc5 1-0

[Event "Nizhnij Novgorod Dubinin Memorial 15th"]
[Site "Nizhnij Novgorod"]
[Date "2008.01.??"]
[Round "?"]
[White "Kluev, Vladimir"]
[Black "Lugovoy, Dmitry"]
[Result "1/2-1/2"]
[WhiteElo "2136"]
[BlackElo "2033"]
[PlyCount "20"]
[EventDate "2008.01.??"]
[EventType "swiss"]
[EventRounds "9"]
[EventCountry "RUS"]
[SourceTitle "CBM 122 Extra"]
[Source "ChessBase"]
[SourceDate "2008.03.04"]
[SourceVersion "1"]
[SourceVersionDate "2008.03.04"]
[SourceQuality "1"]

1. Nf3 b6 2. e4 Bb7 3. Nc3 e6 4. d4 Bb4 5. Bd3 Nf6 6. e5 Ne4 7. Bxe4 Bxe4 8. 0-0 Bb7 9. Bg5 Be7 10. Bxe7 Qxe7 1/2-1/2

[Event "Nizhnij Novgorod Dubinin Memorial 15th"]
[Site "Nizhnij Novgorod"]
[Date "2008.01.??"]
[Round "?"]
[White "Lugovoy, Dmitry"]
[Black "Teverovsky, Alexander"]
[Result "1/2-1/2"]
[WhiteElo "2033"]
[BlackElo "2196"]
[PlyCount "30"]
[EventDate "2008.01.??"]
[EventType "swiss"]
[EventRounds "9"]
[EventCountry "RUS"]
[SourceTitle "CBM 122 Extra"]
[Source "ChessBase"]
[SourceDate "2008.03.04"]
[SourceVersion "1"]
[SourceVersionDate "2008.03.04"]
[SourceQuality "1"]

1. d4 Nf6 2. c4 g6 3. Nc3 Bg7 4. e4 d6 5. Be2 0-0 6. Nf3 e5 7. d5 Nbd7 8. Bg5 h6 9. Bh4 g5 10. Bg3 Nh5 11. h4 Nxg3 12. fxg3 g4 13. Nd2 h5 14. 0-0 Nf6 15. Bd3 Bh6 1/2-1/2

[Event "Nizhnij Novgorod Dubinin Memorial 15th"]
[Site "Nizhnij Novgorod"]
[Date "2008.01.??"]
[Round "?"]
[White "Milashevskaja, Valentina"]
[Black "Lugovoy, Dmitry"]
[Result "0-1"]
[WhiteElo "1816"]
[BlackElo "2033"]
[PlyCount "76"]
[EventDate "2008.01.??"]
[EventType "swiss"]
[EventRounds "9"]
[EventCountry "RUS"]
[SourceTitle "CBM 122 Extra"]
[Source "ChessBase"]
[SourceDate "2008.03.04"]
[SourceVersion "1"]
[SourceVersionDate "2008.03.04"]
[SourceQuality "1"]

1. d4 e6 2. c4 b6 3. Nf3 Bb7 4. Nc3 Bb4 5. e3 f5 6. a3 Bxc3+ 7. bxc3 Nf6 8. Bb2 0-0 9. Bd3 Qe7 10. a4 Nc6 11. c5 Rfd8 12. cxb6 axb6 13. 0-0 Na5 14. Ne5 d6 15. Ba3 Qe8 16. Nc4 Qc6 17. Qf3 Qxf3 18. gxf3 Bxf3 19. Nd2 Bc6 20. Bb4 Ra7 21. Ra2 Rda8 22. Rfa1 Bd7 23. c4 Nc6 24. Bc3 e5 25. f3 exd4 26. exd4 Nh5 27. Kf2 Nf4 28. Bc2 d5 29. Bb3 Be6 30. c5 bxc5 31. dxc5 Nd3+ 32. Ke2 Nxc5 33. Rg1 d4 34. Bxe6+ Nxe6 35. Ba1 Rxa4 36. Rxa4 Rxa4 37. Nb3 Ra2+ 38. Nd2 Nf4+ 0-1